Les 10 villes les plus peuplées du Loir-et-Cher (41) - Statistiques

Statistiques générales
  • Ce quiz a été pris 30 fois
  • Le résultat moyen est 5 sur 10
Statistiques - réponses
Population Communes % Correct
47 100 Blois
100%
18 400 Romorantin-Lanthenay
79%
15 600 Vendôme
75%
6 300 Mer
54%
8 100 Vineuil
54%
4 500 La Chaussée-Saint-Victor
43%
4 500 Lamotte-Beuvron
43%
4 900 Salbris
43%
6 800 Le Controis-en-Sologne
32%
4 200 Saint-Laurent-Nouan
4%
Aucun quiz correspondant
Distribution des résultats
% des personnes avec chaque résultat
Percentile par nombre de réponses
Votre historique - résultats
Vous n’avez pas pris ce quiz